Consumption and income inequality in Poland during the economic transition

Salvato in:
Dettagli Bibliografici
Autore principale: Keane, Michael
Altri autori: Prasad, Eswar S.
Natura: Libro
Lingua:inglese
Pubblicazione: Washington International Monetary Fund 1999
Serie:IMF Working Paper 14
Soggetti:
Tags: Aggiungi Tag
Nessun Tag, puoi essere il primo ad aggiungerne!!

MARC

LEADER 00000nam a2200000 4500
001 c109468
005 20221221081846.3
041 0 |a eng 
044 |a US 
245 1 0 |a Consumption and income inequality in Poland during the economic transition  |c Michael Keane and Eswar Prasad 
264 1 |a Washington  |b International Monetary Fund  |c 1999 
300 |a 48 s. 
490 1 |a IMF Working Paper  |v 14 
830 0 |a IMF Working Paper  |v 14 
610 2 0 |a Poľsko 
610 2 0 |a spotreba 
610 2 0 |a príjmy 
610 2 0 |a SVE 
610 2 0 |a transformácia 
610 2 0 |a situácia hospodárska 
610 2 0 |a 1985-1992 
100 1 |a Keane, Michael 
700 1 |a Prasad, Eswar S.